A Marginal Jew: Rethinking the Historical Jesus. Vol. 1: The Roots of the Problem and the Person. John P. Meier The Historical Jesus: The Life of a Mediterranean Jewish Peasant. John Dominic Crossan
| Main Author: | |
|---|---|
| Contributors: | |
| Format: | Electronic Review |
| Language: | English |
| Check availability: | HBZ Gateway |
| Interlibrary Loan: | Interlibrary Loan for the Fachinformationsdienste (Specialized Information Services in Germany) |
| Published: |
1993
|
| In: |
The journal of religion
Year: 1993, Volume: 73, Issue: 3, Pages: 402-404 |
| Review of: | A marginal Jew ; Vol. 1: The @roots of the problem and the person (New York, NY [u.a.] : Doubleday, 1991) (Cory, Steven)
A marginal Jew ; Vol. 1: The @roots of the problem and the person (New York [u.a.] : Doubleday, 1991) (Cory, Steven) |
| Further subjects: | B
Book review
|
| Online Access: |
Volltext (JSTOR) Volltext (lizenzpflichtig) |
MARC
| LEADER | 00000caa a22000002c 4500 | ||
|---|---|---|---|
| 001 | 1811610986 | ||
| 003 | DE-627 | ||
| 005 | 20250703145118.0 | ||
| 007 | cr uuu---uuuuu | ||
| 008 | 220726s1993 xx |||||oo 00| ||eng c | ||
| 024 | 7 | |a 10.1086/489193 |2 doi | |
| 035 | |a (DE-627)1811610986 | ||
| 035 | |a (DE-599)KXP1811610986 | ||
| 040 | |a DE-627 |b ger |c DE-627 |e rda | ||
| 041 | |a eng | ||
| 084 | |a 0 |a 1 |2 ssgn | ||
| 100 | 1 | |a Cory, Steven |e VerfasserIn |4 aut | |
| 245 | 1 | 2 | |a A Marginal Jew: Rethinking the Historical Jesus. Vol. 1: The Roots of the Problem and the Person. John P. Meier The Historical Jesus: The Life of a Mediterranean Jewish Peasant. John Dominic Crossan |
| 264 | 1 | |c 1993 | |
| 336 | |a Text |b txt |2 rdacontent | ||
| 337 | |a Computermedien |b c |2 rdamedia | ||
| 338 | |a Online-Ressource |b cr |2 rdacarrier | ||
| 601 | |a Problem | ||
| 601 | |a Meier, John P. | ||
| 655 | 7 | |a Rezension |0 (DE-588)4049712-4 |0 (DE-627)106186019 |0 (DE-576)209083166 |2 gnd-content | |
| 700 | 1 | |e VerfasserIn des Bezugswerks |0 (DE-588)1012546403 |0 (DE-627)661836088 |0 (DE-576)283303484 |4 ant |a Meier, John P. |d 1942- | |
| 773 | 0 | 8 | |i Enthalten in |t The journal of religion |d Chicago, Ill. : Univ. of Chicago Press, 1921 |g 73(1993), 3, Seite 402-404 |h Online-Ressource |w (DE-627)329085689 |w (DE-600)2047675-9 |w (DE-576)113710593 |x 1549-6538 |7 nnas |
| 773 | 1 | 8 | |g volume:73 |g year:1993 |g number:3 |g pages:402-404 |
| 787 | 0 | 8 | |i Rezension von |a Meier, John P., 1942 - |t A marginal Jew ; Vol. 1: The @roots of the problem and the person |b 1. ed. |d New York, NY [u.a.] : Doubleday, 1991 |h X, 484 S. |w (DE-627)038386429 |z 0385264259 |z 9780300140187 |
| 787 | 0 | 8 | |i Rezension von |a Meier, John P., 1942 - |t A marginal Jew ; Vol. 1: The @roots of the problem and the person |b 1. ed. |d New York [u.a.] : Doubleday, 1991 |h X, 484 S. |w (DE-627)1098099699 |w (DE-576)028099699 |z 0385264259 |
| 856 | |3 Volltext |u http://www.jstor.org/stable/1205086 |x JSTOR | ||
| 856 | 4 | 0 | |u https://doi.org/10.1086/489193 |x Resolving-System |z lizenzpflichtig |3 Volltext |7 1 |
| 935 | |a mteo |a BIIN | ||
| 951 | |a AR | ||
| BIB | |a 1 | ||
| ELC | |a 1 | ||
| ITA | |a 1 |t 1 | ||
| LOK | |0 000 xxxxxcx a22 zn 4500 | ||
| LOK | |0 001 4172625703 | ||
| LOK | |0 003 DE-627 | ||
| LOK | |0 004 1811610986 | ||
| LOK | |0 005 20220726053713 | ||
| LOK | |0 008 220726||||||||||||||||ger||||||| | ||
| LOK | |0 035 |a (DE-Tue135)IxTheo#2022-07-19#B0F1407F880780ADA06AC1ED36D41B74403852F4 | ||
| LOK | |0 040 |a DE-Tue135 |c DE-627 |d DE-Tue135 | ||
| LOK | |0 092 |o n | ||
| LOK | |0 852 |a DE-Tue135 | ||
| LOK | |0 852 1 |9 00 | ||
| LOK | |0 866 |x JSTOR#http://www.jstor.org/stable/1205086 | ||
| LOK | |0 935 |a ixzs |a ixrk |a zota | ||
| LOK | |0 939 |a 26-07-22 |b l01 | ||
| ORI | |a SA-MARC-ixtheoa001.raw | ||
| REL | |a 1 | ||
| SUB | |a BIB |a REL | ||



